La escuela cartográfica inglesa "At the Signe of the Platt" / (Record no. 73329)

MARC details
000 -LEADER
campo de control de longitud fija 00829nam a2200217 i 4500
001 - NÚMERO DE CONTROL
campo de control 73329
003 - IDENTIFICADOR DE NÚMERO DE CONTROL
campo de control ES-MaACL
005 - FECHA Y HORA DE LA ÚLTIMA TRANSACCIÓN
campo de control 20250902103427.0
007 - CAMPO FIJO DE DESCRIPCIÓN FÍSICA--INFORMACIÓN GENERAL
campo de control de longitud fija t|
008 - DATOS DE LONGITUD FIJA--INFORMACIÓN GENERAL
campo de control de longitud fija 040929s1959 sp ||||1| spa d
080 ## - NÚMERO DE LA CLASIFICACIÓN DECIMAL UNIVERSAL
Número de la Clasificación Decimal Universal 528.9(410)
100 1# - ENTRADA PRINCIPAL--NOMBRE DE PERSONA
Nombre de persona García Camarero, Ernesto,
Fechas asociadas al nombre 1932-2022
9 (RLIN) 54320
245 13 - MENCIÓN DEL TÍTULO
Título La escuela cartográfica inglesa "At the Signe of the Platt" /
Mención de responsabilidad, etc. por Ernesto García Camarero.
260 ## - PUBLICACIÓN, DISTRIBUCIÓN, ETC.
Lugar de publicación, distribución, etc. Madrid :
Nombre del editor, distribuidor, etc. [s.n.],
Fecha de publicación, distribución, etc. 1959 (
Fabricante S. Aguirre Torre)
300 ## - DESCRIPCIÓN FÍSICA
Extensión P. [65]-68, [7] h. pleg. de map. ;
Dimensiones 24 cm.
595 ## -
-- Tirada aparte de: Publicaciones de la Real Sociedad Geográfica. Serie B, n. 399.
650 14 - PUNTO DE ACCESO ADICIONAL DE MATERIA--TÉRMINO DE MATERIA
Término de materia o nombre geográfico como elemento de entrada Cartografía-
Subdivisión geográfica Gran Bretaña.
9 (RLIN) 10809
710 2# - ENTRADA AGREGADA--NOMBRE DE ENTIDAD CORPORATIVA
Nombre de entidad corporativa o nombre de jurisdicción como elemento de entrada Real Sociedad Geográfica
9 (RLIN) 6403
852 ## - LOCALIZACIÓN
Ubicación ES-MaACL
Número de control de estantería 2181-F-16
Nota libre - Donat. Ernesto García Camarero
Holdings
Estatus retirado Estado de pérdida Estado de daño No para préstamo Colección Biblioteca de origen Biblioteca actual Ubicación en estantería Fecha de adquisición Fuente de adquisición Total de préstamos Signatura topográfica completa Código de barras Visto por última vez Precio de reemplazo Tipo de ítem Koha
        Colección de folletos Biblioteca del Ateneo de Madrid Biblioteca del Ateneo de Madrid Depósito folletos 17/01/2008     2181-F-16 1076760 23/02/2023 23/02/2023 Folleto